• 首页
  • 本馆介绍
  • 公告通知
  • 最新文献
  • 馆藏检索
  • 电子资源
  • 读者导购
  • 参考咨询
  • 我的图书馆
  • 登录
  • 详细信息显示
  • 放入我的书架
  • 预约/预借图书
  • 作者相关作品
  • 分类相关作品
  • 丛书相关作品
  • 出版社相关作品

书目信息

  • 表格格式
  • 工作单格式
  • 卡片格式
题名:
网络平台治理与法律责任
    
 
作者: 周学峰 , 李平 主编
分册:  
出版信息: 北京   中国法制出版社  2018
页数: 11, 407页
开本: 25cm
丛书名:
单 册:
中图分类: D922.174 , D922.17
科图分类:
主题词: 计算机网络管理--Ji Suan Ji Wang Luo Guan Li--法律责任--研究--中国
电子资源:
ISBN: 978-7-5093-9368-0
000 01789nam0 2200301 450
001 012001006192
005 20131101083959.0
010    @a978-7-5093-9368-0@b精装@dCNY118.00
099    @aCAL 012018123987
100    @a20180828d2018 ekmy0chiy50 ea
101 0  @achi
102    @aCN@b110000
105    @ak a 000yy
106    @ar
200 1  @a网络平台治理与法律责任@AWang Luo Ping Tai Zhi Li Yu Fa Lv Ze Ren@d= The governance and liability of internet intermediary@f周学峰, 李平主编@zeng
210    @a北京@c中国法制出版社@d2018
215    @a11, 407页@d25cm
320    @a有书目
330    @a无论是打击假冒伪劣商品、防范电信诈骗、集资诈骗、交友诈骗,还是治理谣言、假新闻,或反对低俗言论、仇恨言论、恐怖主义言论,都可能与网络平台息息相关。如何认识网络平台在网络空间治理中的地位、作用与责任,已成为当今社会的热点问题。本书主体部分共分为十章,第一章系从多视角对网络平台的基础理论进行阐述。第二章是关于网络平台治理机制的论述,包括网络平台治理的含义、原则与规则体系。第三章至第八章系对网络平台法律责任的国别研究。我们选取了美国法、德国法、英国法、日本法和韩国法作为研究对象。我们将网络平台的法律责任区分为三大类,即网络平台的民事责任、网络监管与行政责任,以及网络平台刑事责任。第九章对我国网络平台法律责任的现状进行了描述、分析和评论,并指出我国现行网络法律制度所存在的可进一步完善之处。第十章则在前述对外国法的国别研究和对中国法问题的分析的基础之上,就如何完善我国网络平台法律责任制度提出了一些建议。
333    @a相关读者
510 1  @aGovernance and liability of internet intermediary@zeng
606 0  @a计算机网络管理@AJi Suan Ji Wang Luo Guan Li@x法律责任@x研究@y中国
690    @aD922.174@v5
690    @aD922.17@v4
701  0 @a周学峰@AZhou Xue Feng@4主编
701  0 @a李平@ALi Ping@4主编
801  0 @aCN@b上海新华@c20191020
905    @b1131151-3@dD922.174@e2074@f3
    
    网络平台治理与法律责任= The governance and liability of internet intermediary/周学峰, 李平主编.-北京:中国法制出版社,2018
    11, 407页;25cm
    使用对象:相关读者
    
    ISBN 978-7-5093-9368-0(精装):CNY118.00
    无论是打击假冒伪劣商品、防范电信诈骗、集资诈骗、交友诈骗,还是治理谣言、假新闻,或反对低俗言论、仇恨言论、恐怖主义言论,都可能与网络平台息息相关。如何认识网络平台在网络空间治理中的地位、作用与责任,已成为当今社会的热点问题。本书主体部分共分为十章,第一章系从多视角对网络平台的基础理论进行阐述。第二章是关于网络平台治理机制的论述,包括网络平台治理的含义、原则与规则体系。第三章至第八章系对网络平台法律责任的国别研究。我们选取了美国法、德国法、英国法、日本法和韩国法作为研究对象。我们将网络平台的法律责任区分为三大类,即网络平台的民事责任、网络监管与行政责任,以及网络平台刑事责任。第九章对我国网络平台法律责任的现状进行了描述、分析和评论,并指出我国现行网络法律制度所存在的可进一步完善之处。第十章则在前述对外国法的国别研究和对中国法问题的分析的基础之上,就如何完善我国网络平台法律责任制度提出了一些建议。
●
相关链接 在E读中查询图书 在五车中查询图书 在当当中查询图书 在豆瓣中查询图书


正题名:网络平台治理与法律责任     索取号:D922.174/2074         预约/预借

序号 登录号 条形码 馆藏地/架位号 状态 备注
1 1131151   211311515   第一样本阅览室/ [索取号:D922.174/2074] 在馆    
2 1131152   211311524   第一借阅区/ [索取号:D922.174/2074] 在馆    
3 1131153   211311533   第一借阅区/ [索取号:D922.174/2074] 在馆    
唐山师范学院图书馆 欢迎您!
大连网信软件有限公司© 版权所有